000 01685nam a2200445 c 4500
001 52875
003 ES-MaCES
005 20250203133306.0
008 230906s2022 sp 000 | spa d
017 _aM 30862-2022
_bDL
020 _a9788412619928
040 _aES-MaCES
_bspa
_cES-MaCES
041 1 _aspa
_heng
100 1 _940771
_aPettis, Michael
245 1 4 _aLas guerras comerciales son guerras de clase
_b: como la desigualdad distorsiona la economía y amenaza la paz
_cMichael Pettis, Matthew C. Klein ; tr. de Francisco Herreros
250 _a1ª ed
260 _aMadrid
_bCapitán Swing
_c[2022]
300 _a336 p.
_c22 cm
500 _aTraducción de: Trade wars are class wars : how rising inequality distorts the global economy and threatens international peace
541 _cCompra
650 4 _aglobalización económica
_930653
650 4 _arelaciones económicas
_926673
650 4 _arelaciones comerciales
_927965
650 4 _apoder empresarial
_930600
650 4 _apoder político
_927200
650 4 _agrupo de intereses
_927235
650 4 _aclase social
_927296
650 4 _aevaluación del impacto
_930732
650 4 _adesigualdad económica
_929371
650 4 _adesigualdad social
_930789
650 4 _aproblema político
_927244
650 4 _aanálisis económico
_927070
650 4 _ateoría social
_927032
653 1 0 _aCiencias Sociales-Políticas
700 1 _940772
_aKlein, Matthew C.
700 1 _940317
_aHerreros, Francisco
_etr.
740 0 2 _aTrade wars are class wars : how rising inequality distorts the global economy and threatens international peace
902 _aLIB Libro
942 _2CES
_cBK
_h7.0.
999 _c52875
_d52875